000
00335nam a2200157Ia 4500
100
_a
Wartikar/P.N.
490
_v
I
942
_c
BK
654
_a
Mathematics
245
_a
Elements of Applied Mathematics
260
_b
Pune vidyarthi griha
_a
Pune
_c
1977
082
_a
519
_b
GAJ
300
_a
924
546
_a
ENGLISH
999
_c
29818
_d
29818